000 00649nam a22002172 4500
001 0000002145
005 20151217151841.0
008 070403s xx 000 0 eng d
020 _a0132905035 :D :
040 _aKABU
_cKABU
050 0 _aHF5387
_b.E84 1988
245 1 0 _aEthical theory and business /
_ced. by Tom L. Beauchamp, Norman E. Bowie.
250 _a3rd ed.
260 _aEnglewood Cliffs, NJ :
_bPrentice Hall,
_c1988.
300 _aix, 596 p.
650 0 _aBusiness ethics.
_@0000149180
700 1 _aBeauchamp, Tom L.
_@0000151397
908 _a070403
950 _@1
999 _c5665
_d5665